Statistics for Every Aircraft Carrier Ever Built (Mar 2023)

Click here to take the quiz!

General Stats

  • This quiz has been taken 205 times
    (100 since last reset)
  • The average score is 61 of 317

Answer Stats

NationShipType of Carrier% Correct
USAEnterpriseCV | CVN
84%
USAYorktownCV
76%
USAGeorge WashingtonCVN
71%
USAGeorge H.W. BushCVN
69%
USAGerald R. FordCVN
69%
USATheodore RooseveltCVN
69%
USAAbraham LincolnCVN
67%
USAFranklin D. RooseveltCV
67%
USAHornetCV
67%
USANimitzCVN
67%
USARonald ReaganCVN
67%
JapanAkagiCV
65%
FranceCharles de GaulleCVN
65%
JapanKagaCV | DDH/CVL
65%
USAJohn F. KennedyCV
63%
USALexingtonCV
63%
UKArk RoyalCV | CVL
61%
UKIllustriousCV | CVL
59%
USAPrinceCVE
59%
USAHarry S. TrumanCVN
57%
UKQueen ElizabethCV
57%
USAEssexCV | LHD
55%
JapanHiryuCV
55%
USASaratogaCV
55%
JapanSoryuCV
55%
USADwight D. EisenhowerCVN
53%
USAMidwayCV
53%
JapanShokakuCV
53%
JapanZuikakuCV
53%
USAWaspCV | LHD
51%
RussiaAdmiral KuznetsovCV
49%
UKHermesCVL
49%
USALangleyCVL
47%
UKPrince of WalesCV
47%
USARangerCV
47%
USAForrestalCV
45%
USAAmericaCV | LHA
43%
UKIndomitableCV
43%
JapanShinanoCV
43%
USABunker HillCV
41%
USACoral SeaCV
39%
UKInvincibleCVL
39%
USAKitty HawkCV
39%
UKCourageousCV
37%
UKEagleCV
37%
FranceFochCV
37%
USAFranklinCV
37%
JapanTaihoCV
37%
USACarl VinsonCVN
35%
UKFormidableCV
35%
UKFuriousCV
35%
USAIndependenceCV | CVL
35%
RussiaKievCV
35%
UKVictoriousCV
35%
USABon Homme RichardCV | LHD
33%
USAConstellationCV
33%
UKGloriousCV
33%
USAIntrepidCV
33%
USAIwo JimaLHD | LPH
33%
USATiconderogaCV
33%
FranceClemenceauCV
31%
JapanHoshoCVL
31%
USAPhilippine SeaCV
31%
USABataanCVL | LHD
29%
FranceBearnCV
29%
USABelleau WoodCVL | LHA
29%
UKIndefatigableCV
29%
USAPrincetonCV | CVL
29%
JapanShohoCVL
29%
AustraliaCanberraLHD
27%
UKImplacableCV
27%
USAJohn C. StennisCVN
27%
USALeyteCV
27%
UKUnicornCVL
27%
JapanAmagiCV
24%
UKArgusCVL
24%
ItalyCavourCV
24%
RussiaMinskCV
24%
JapanRyujoCVL
24%
ChinaShandongCV
24%
USATarawaLHA
24%
USATarrawaCV
24%
UKAlbionCVL
22%
USABoxerCV | LHD
22%
USAHancockCV
22%
USAShangri-laCV
22%
JapanZuihoCVL
22%
USAGuadalcanalCVE | LPH
20%
JapanHyugaDDH
20%
JapanIzumoDDH/CVL
20%
SpainJuan Carlos ICV/LHD
20%
ChinaLiaoningCV
20%
UKOceanCVL | LPH
20%
USASaipanCVL | LHA
20%
USASt LoCVE
20%
USAAntietamCV
18%
USACowpensCVL
18%
USAGambier BayCVE
18%
ItalyGiuseppe GaribaldiCV
18%
USALong IslandCVE
18%
JapanRyuhoCVL
18%
USASan JacintoCVL
18%
JapanChitoseCVL
16%
UKColossusCVL
16%
USAGuamLPH
16%
JapanIseDDH
16%
USAOkinawaLPH
16%
SpainPríncipe de AsturiasCV
16%
USARandolphCV
16%
JapanUnryuCV
16%
IndiaVikrantCV
16%
AustraliaAdelaideLHD
14%
UKCentaurCVL
14%
USAKearsargeCV | LHD
14%
USALake ChamplainCV
14%
FranceMistralLHD
14%
UKPerseusCVL
14%
USAWake IslandCVE
14%
UKBulwarkCVL
12%
USACasablancaCVE
12%
ThailandChakri NaruebetCV/CVH
12%
JapanChiyodaCVL
12%
South KoreaDokdoLPH
12%
UKGloryCVL
12%
JapanHiyoCVL
12%
JapanKatsuragiCV
12%
USAPalauCVE
12%
USASangamonCVE
12%
USASt GeorgeCVE
12%
USATripoliCVE | LHA | LPH
12%
UKVenerableCVL
12%
UKAvengerCVE
10%
RussiaBakuCV
10%
USABenningtonCV
10%
USABismarck SeaCVE
10%
USABlock IslandCVE
10%
USABogueCVE
10%
Egypt/FranceGamal Abdel NasserLHD
10%
JapanJunyoCVL
10%
UKMajesticCVL
10%
RussiaNovorossiyskCV
10%
USAOriskanyCV
10%
JapanChuyoCVE
8%
USACorregidorCVE
8%
FranceDixmudeLHD
8%
UKHerculesCVL
8%
USAKalinin BayCVE
8%
USAKwajaleinCVE
8%
USAManila BayCVE
8%
USANew OrleansLPH
8%
USAPeleliuLHA
8%
USAPrince WilliamCVE
8%
JapanTaiyoCVE
8%
JapanUnyoCVE
8%
USAValley ForgeCV
8%
USAWhite PlainsCVE
8%
Egypt/FranceAnwar El SadatLHD
6%
USAAnzioCVE
6%
UKBiterCVE
6%
USABougainvilleCVE
6%
USACabotCVL
6%
UKDasherCVE
6%
JapanKaiyoCVE
6%
USAMontereyCVL
6%
USAOmmaney BayCVE
6%
UKPioneerCVL
6%
ItalySan MarcoLHD
6%
JapanShimane MaruCVE
6%
USASolomansCVE
6%
UKTerribleCVL
6%
FranceTonnerreLHD
6%
USAWrightCVL
6%
USAArcherCVE
4%
USACommencement BayCVE
4%
USAHollandiaCVE
4%
USAIncheonLPH
4%
USAMakin IslandCVE | LHD
4%
USASuwaneeCVE
4%
UKWarriorCVL
4%
UKAudacityCVE
2%
USAGilbert IslandsCVE
2%
ChinaHainanLHD/LHA
2%
UKMagnificentCVL
2%
USAMakassar StraitCVE
2%
UKPowerfulCVL
2%
ItalySan GiorgioLHD
2%
USASanteeCVE
2%
USASavo IslandCVE
2%
JapanShinyoCVE
2%
USATulagiCVE
2%
UKVengeanceCVL
2%
UKVindexCVE
2%
UKActivityCVE
0%
USAAdmiralty IslandsCVE
0%
USAAltamahaCVE
0%
ChinaAnhuiLHD/LHA
0%
USAAttuCVE
0%
USABadoeng StraitCVE
0%
USABaffinsCVE
0%
USABairokoCVE
0%
USABarnesCVE
0%
USABastianCVE
0%
USABolinasCVE
0%
USABretonCVE
0%
UKCampaniaCVE
0%
USACape EsperanceCVE
0%
USACape GloucesterCVE
0%
USACardCVE
0%
USACarnegieCVE
0%
USAChargerCVE
0%
USAChathamCVE
0%
USAChenangoCVE
0%
USACopaheeCVE
0%
USACordovaCVE
0%
USACoreCVE
0%
USACroatanCVE
0%
USADelgadaCVE
0%
USAEdistoCVE
0%
USAEsteroCVE
0%
USAFanshaw BayCVE
0%
USAGlacierCVE
0%
ChinaGuangxiLHD/LHA
0%
USAHamlinCVE
0%
USAHoggat BayCVE
0%
USAJamaicaCVE
0%
USAKadashan BayCVE
0%
USAKasaan BayCVE
0%
USAKeweenawCVE
0%
USAKitkun BayCVE
0%
USAKula GulfCVE
0%
USALiscome BayCVE
0%
USALunga PointCVE
0%
South KoreaMaradoLPH
0%
USAMarcus IslandCVE
0%
USAMatanikauCVE
0%
USAMindoroCVE
0%
USAMission BayCVE
0%
USAMundaCVE
0%
UKNairanaCVE
0%
USANassauCVE | LHA
0%
USANatoma BayCVE
0%
USANehenta BayCVE
0%
USANianticCVE
0%
USAPerdidoCVE
0%
USAPetrof BayCVE
0%
USAPoint CruzCVE
0%
UKPretoria CastleCVE
0%
USAPuget SoundCVE
0%
USAPybusCVE
0%
USARavagerCVE
0%
USARendovaCVE
0%
USARoiCVE
0%
USARudyerd BayCVE
0%
USASaginaw BayCVE
0%
USASaidorCVE
0%
USASalamauaCVE
0%
USASalerno BayCVE
0%
USASargent BayCVE
0%
USASearcherCVE
0%
USAShamrock BayCVE
0%
USAShipley BayCVE
0%
USASiboneyCVE
0%
USASicilyCVE
0%
USASitkoh BayCVE
0%
USASt AndrewsCVE
0%
USASteamer BayCVE
0%
USASt JosephCVE
0%
USASt SimonCVE
0%
USASunsetCVE
0%
USATakanis BayCVE
0%
USAThetis BayCVE
0%
USATrackerCVE
0%
USAVella GulfCVE
0%
USAVermillionCVE
0%
USAWillapaCVE
0%
USAWindham BayCVE
0%
USAWinjahCVE
0%

Score Distribution

Percentile by Number Answered

Percent of People with Each Score

Your Score History

You have not taken this quiz since the last reset